[Event "132nd YMCA Autumn D-bis"]
[Site "Warszawa"]
[Date "2013.10.17"]
[Round "10"]
[White "Jankowski, Maciej"]
[Black "Gajewski, Wojciech"]
[Result "0-1"]
[WhiteElo "1393"]
[BlackElo "1482"]
[PlyCount "80"]
[EventDate "2013.09.16"]
[EventType "tourn"]
[EventRounds "2"]
[EventCountry "POL"]
[SourceDate "2013.09.16"]

1. d4 g6 2. Nf3 Bg7 3. e3 d6 4. Be2 Nf6 5. O-O O-O 6. c3 Nbd7 7. Re1 e5 8. dxe5
dxe5 9. Nbd2 e4 10. Ng5 Qe7 11. f3 Nc5 12. b4 exf3 13. Ndxf3 Rd8 14. Nd4 Nfe4
15. Nxe4 Nxe4 16. Bd2 b6 17. Bf3 Bb7 18. Bxe4 Bxe4 19. Qg4 c5 20. bxc5 bxc5 21.
Nb3 Rd5 22. h4 Rad8 23. Re2 a5 24. c4 h5 25. Qf4 Rf5 26. Qg3 a4 27. Nxc5 Bxa1
28. Bb4 Rxc5 29. Qe1 Bf6 30. g3 Qd6 31. Rd2 Bd3 32. Qf2 Be7 33. e4 Qc7 34. Qe3
Rxc4 35. Bxe7 Qxe7 36. Rxd3 Rxd3 37. Qxd3 Rxe4 38. Qc3 Qe5 39. Qf3 Re3 40. Qa8+
Kg7 0-1

[Event "132nd YMCA Autumn D-bis"]
[Site "Warszawa"]
[Date "2013.11.19"]
[Round "10"]
[White "Golecka, Jadwiga"]
[Black "Markiewicz, Janusz"]
[Result "0-1"]
[WhiteElo "1088"]
[BlackElo "1408"]
[PlyCount "96"]
[EventDate "2013.09.16"]
[EventType "tourn"]
[EventRounds "2"]
[EventCountry "POL"]
[SourceDate "2013.09.16"]

1. e4 e5 2. f4 d5 3. exd5 e4 4. d3 Qh4+ 5. g3 Qe7 6. dxe4 Qxe4+ 7. Qe2 Bf5 8.
c3 Be7 9. Qxe4 Bxe4 10. Bb5+ c6 11. dxc6 bxc6 12. Ba4 Bxh1 13. Be3 Nf6 14. Nd2
Nd5 15. Bd4 Bf6 16. O-O-O Bxd4 17. cxd4 O-O 18. g4 Nb6 19. Bb3 Bd5 20. Bxd5
cxd5 21. Ne2 Rc8+ 22. Kb1 g6 23. h4 Nc4 24. Nf3 Ne3 25. Rd3 Nxg4 26. Nc3 Nf2
27. Re3 Ng4 28. Re2 Nf6 29. Nd2 Nc6 30. Nf3 Rab8 31. Ka1 Rb4 32. Rd2 Re8 33. a3
Rb7 34. Ne5 Nxe5 35. fxe5 Ne4 36. Nxe4 dxe4 37. Re2 f5 38. exf6 Rd7 39. Rd2 e3
40. Re2 Rxd4 41. Kb1 Rxh4 42. Kc2 Rd4 43. Re1 e2 44. b3 Rc8+ 45. Kb2 Rd2+ 46.
Kb1 Rd1+ 47. Rxd1 exd1=Q+ 48. Kb2 Rc2# 0-1

[Event "132nd YMCA Autumn D-bis"]
[Site "Warszawa"]
[Date "2013.11.18"]
[Round "11"]
[White "Czorniej, Antonina"]
[Black "Jankowski, Maciej"]
[Result "1-0"]
[WhiteElo "1489"]
[BlackElo "1393"]
[PlyCount "65"]
[EventDate "2013.09.16"]
[EventType "tourn"]
[EventRounds "2"]
[EventCountry "POL"]
[SourceDate "2013.09.16"]

1. d4 d5 2. c4 e6 3. Nf3 Nf6 4. g3 dxc4 5. Bg2 b5 6. Ne5 Nd5 7. a4 c6 8. axb5
cxb5 9. O-O f6 10. e4 Ne7 11. Nf3 Bb7 12. Re1 Nd7 13. b3 Qc7 14. bxc4 bxc4 15.
Nc3 a6 16. d5 exd5 17. exd5 Qd6 18. Ba3 Nc5 19. Ne4 Qxd5 20. Nxc5 O-O-O 21.
Qxd5 Nxd5 22. Bh3+ Kb8 23. Nd7+ Ka7 24. Nxf8 Rhxf8 25. Bxf8 Rxf8 26. Rec1 Nb6
27. Nd4 Rd8 28. Nf5 Rd7 29. Ne3 Rc7 30. Bg2 Bc8 31. Bd5 c3 32. Ra3 Rc5 33.
Raxc3 1-0

[Event "132nd YMCA Autumn D-bis"]
[Site "Warszawa"]
[Date "2013.11.18"]
[Round "11"]
[White "Markiewicz, Janusz"]
[Black "Borowski, Marek"]
[Result "0-1"]
[WhiteElo "1408"]
[BlackElo "1529"]
[PlyCount "78"]
[EventDate "2013.09.16"]
[EventType "tourn"]
[EventRounds "2"]
[EventCountry "POL"]
[SourceDate "2013.09.16"]

1. e4 c6 2. d4 d5 3. f3 dxe4 4. fxe4 e5 5. Nf3 Bg4 6. Bc4 Qe7 7. dxe5 Nd7 8. b3
Bxf3 9. Qxf3 Nxe5 10. Qe2 Qd7 11. O-O Qd4+ 12. Be3 Qxa1 13. Qf2 O-O-O 14. Qf5+
Rd7 15. Rd1 Nf6 16. Bd4 Qxa2 17. Bxe5 Qxc2 18. Nc3 Bc5+ 19. Kh1 Rhd8 20. Bxf6
gxf6 21. Rxd7 Rxd7 22. Qxc5 Qxc3 23. Qf5 Qe5 24. Bf1 Qxf5 25. exf5 Rd1 26. Kg1
Rb1 27. Kf2 Rxb3 28. Bc4 Rb2+ 29. Kf3 a5 30. Bxf7 a4 31. h4 a3 32. g4 a2 33.
Bxa2 Rxa2 34. g5 fxg5 35. f6 Kd7 36. hxg5 Ke6 37. Kg4 Kf7 38. Kh5 Rh2+ 39. Kg4
Kg6 0-1

[Event "132nd YMCA Autumn D-bis"]
[Site "Warszawa"]
[Date "2013.10.14"]
[Round "11"]
[White "Bubien, Antoni"]
[Black "Gajewski, Wojciech"]
[Result "0-1"]
[WhiteElo "1483"]
[BlackElo "1482"]
[PlyCount "74"]
[EventDate "2013.09.16"]
[EventType "tourn"]
[EventRounds "2"]
[EventCountry "POL"]
[SourceDate "2013.09.16"]

1. e4 g6 2. d4 Bg7 3. c4 d6 4. Nc3 Nf6 5. Nf3 O-O 6. Be2 e5 7. d5 a5 8. O-O Na6
9. Be3 Ng4 10. Bc1 f5 11. h3 Nf6 12. Bd3 f4 13. Ne1 g5 14. Be2 Nc5 15. Bf3 Qe8
16. Kh2 h5 17. g4 Qg6 18. gxh5 Qh6 19. Rg1 Rf7 20. Bg4 Nfxe4 21. Nxe4 Nxe4 22.
Bxc8 Rxc8 23. Qg4 Rcf8 24. Qf3 Nf6 25. Qg2 Qxh5 26. Qxg5 Qxg5 27. Rxg5 Ne4 28.
Rg1 Nxf2 29. Kg2 Ne4 30. Nf3 Rf5 31. Nd2 Ng3 32. Kf3 Rh5 33. Kg4 Rff5 34. h4
Bf6 35. Nf1 Rxh4+ 36. Kf3 e4+ 37. Kf2 Bd4+ 0-1

[Event "132nd YMCA Autumn D-bis"]
[Site "Warszawa"]
[Date "2013.10.29"]
[Round "12"]
[White "Gajewski, Wojciech"]
[Black "Markiewicz, Janusz"]
[Result "1-0"]
[WhiteElo "1482"]
[BlackElo "1408"]
[Annotator "Admin"]
[PlyCount "141"]
[EventDate "2013.09.16"]
[EventType "tourn"]
[EventRounds "2"]
[EventCountry "POL"]
[SourceDate "2013.09.16"]

1. Nf3 Nc6 2. g3 e5 3. d3 d5 4. Nbd2 Nf6 5. Bg2 Be6 6. O-O Bd6 7. c3 O-O 8. e4
Bg4 9. h3 Bh5 10. Qe1 h6 11. Nh4 d4 12. Ndf3 Bc5 13. b4 Bd6 14. b5 Ne7 15. cxd4
Bxf3 16. Nxf3 Ng6 17. dxe5 Nxe5 18. d4 Nxf3+ 19. Bxf3 Re8 20. e5 Bf8 21. Qc3
Nd5 22. Qb3 c6 23. Bb2 Rb8 24. a4 a6 25. Bxd5 Qxd5 26. Qxd5 cxd5 27. Rfc1 Rec8
28. Kf1 Be7 29. Ke2 Kf8 30. Kd3 Ke8 31. Rxc8+ Rxc8 32. Rc1 Rxc1 33. Bxc1 axb5
34. axb5 b6 35. h4 Kd7 36. h5 Ke6 37. g4 Bf8 38. Ke3 g6 39. hxg6 fxg6 40. Kf4
h5 41. Kg5 Be7+ 42. Kxg6 hxg4 43. Bg5 Bb4 44. Kg7 Be1 45. Be3 g3 46. fxg3 Bxg3
47. Kf8 Bh4 48. Kg7 Be1 49. Kg6 Bb4 50. Kg5 Bf8 51. Kf4 Bh6+ $11 52. Kf3 Bf8
53. Bg5 Bb4 54. Bd8 Ba5 55. Kf4 Bd2+ 56. Kg4 Ba5 57. Kg5 Kd7 58. Kf5 Kxd8 59.
Ke6 Bb4 60. Kxd5 Kc7 61. Ke6 Kd8 62. d5 Be7 63. d6 Bh4 64. Kd5 Bf2 65. e6 Bh4
66. Kc6 Ke8 67. Kxb6 Bf2+ 68. Kc7 Bh4 69. b6 Bd8+ 70. Kc6 Bf6 71. b7 1-0

[Event "132nd YMCA Autumn D-bis"]
[Site "Warszawa"]
[Date "2013.11.06"]
[Round "13"]
[White "Czorniej, Antonina"]
[Black "Borowski, Marek"]
[Result "1/2-1/2"]
[WhiteElo "1489"]
[BlackElo "1529"]
[PlyCount "114"]
[EventDate "2013.09.16"]
[EventType "tourn"]
[EventRounds "2"]
[EventCountry "POL"]
[SourceDate "2013.09.16"]

1. d4 d5 2. c4 dxc4 3. e3 a6 4. Bxc4 Nc6 5. Nf3 Nf6 6. O-O Bg4 7. Qb3 e6 8. Ne5
Na5 9. Qa4+ c6 10. Nxg4 Nxg4 11. Be2 b5 12. Qc2 Nf6 13. a3 Rc8 14. b4 Nb7 15.
Nd2 Be7 16. Nf3 O-O 17. Bd2 Nd6 18. Bd3 h6 19. Rac1 Nd7 20. Qb1 f5 21. Qa2 Rf6
22. Ne5 Nb8 23. Rc2 Ne4 24. Rfc1 Qd5 25. Qxd5 exd5 26. Be1 Bd6 27. f3 Ng5 28.
f4 Ne4 29. Nxc6 Nxc6 30. Rxc6 Rxc6 31. Rxc6 Be7 32. Bxe4 dxe4 33. Rc8+ Rf8 34.
Rc7 Rf7 35. Ra7 g5 36. Rxa6 gxf4 37. exf4 Rf6 38. Ra7 Re6 39. Rb7 Bf6 40. d5
Ra6 41. Rxb5 Rxa3 42. d6 Kf7 43. Rxf5 Ke6 44. Rh5 Bd4+ 45. Kf1 Kxd6 46. Rxh6+
Kd5 47. Rh3 Ra1 48. f5 Ke5 49. g4 Kf4 50. Rg3 Ra2 51. Rg2 Ra1 52. h4 Bc3 53.
Re2 Bxb4 54. Kf2 e3+ 55. Kf1 Kxg4 56. f6 Bxe1 57. Rxe1 Ra6 1/2-1/2

[Event "132nd YMCA Autumn D-bis"]
[Site "Warszawa"]
[Date "2013.11.04"]
[Round "13"]
[White "Markiewicz, Janusz"]
[Black "Bubien, Antoni"]
[Result "1-0"]
[WhiteElo "1408"]
[BlackElo "1483"]
[Annotator "Admin"]
[PlyCount "109"]
[EventDate "2013.09.16"]
[EventType "tourn"]
[EventRounds "2"]
[EventCountry "POL"]
[SourceDate "2013.09.16"]

1. e4 c5 2. b4 cxb4 3. a3 e6 4. axb4 Bxb4 5. Bb2 Nf6 6. c3 Be7 7. e5 Nd5 8. c4
Qb6 9. cxd5 Qxb2 10. Nc3 Qb6 11. Rb1 Qc5 12. Rb5 Qd4 13. Nf3 Qf4 14. g3 Qf5 15.
d6 Bd8 16. d4 Nc6 17. Bd3 Qh5 18. Be2 Qh3 19. Ng1 Qh6 20. Nf3 a6 21. Rb1 Ba5
22. Qb3 Bxc3+ 23. Qxc3 b5 24. Qa1 O-O 25. Bxb5 Bb7 26. Ba4 Rfb8 27. d5 exd5 28.
Bxc6 Bxc6 29. Rxb8+ Rxb8 30. Nd4 Qg6 31. O-O Rb6 32. Nxc6 Rxc6 33. Qa5 h6 34.
Qxd5 Qe6 35. Qa5 Kh7 36. Rb1 Qc4 $11 37. Rb4 Qc1+ 38. Kg2 Rc5 39. Qxa6 Rxe5 40.
Qd3+ g6 41. Rc4 Qe1 42. Rf4 Kg7 43. Qd4 Kg8 44. Qc4 Re6 45. Qc8+ Re8 46. Qxd7
Qe6 47. Qb7 Rd8 48. Rd4 Qd7 49. Qxd7 Rxd7 50. Kf3 f6 51. Ke4 Kf7 52. Kd5 Ra7
53. Rd2 Ke8 54. Ke6 f5 55. Kf6 1-0

[Event "132nd YMCA Autumn D-bis"]
[Site "Warszawa"]
[Date "2013.12.10"]
[Round "14"]
[White "Jankowski, Maciej"]
[Black "Markiewicz, Janusz"]
[Result "1-0"]
[WhiteElo "1393"]
[BlackElo "1408"]
[PlyCount "61"]
[EventDate "2013.09.16"]
[EventType "tourn"]
[EventRounds "2"]
[EventCountry "POL"]
[SourceDate "2013.09.16"]

1. d4 e5 2. dxe5 Qe7 3. Nf3 Nc6 4. Qd5 Nb4 5. Qb3 h6 6. h4 a5 7. a3 Nc6 8. Bf4
a4 9. Qe3 Na5 10. Nbd2 b5 11. Qc3 c6 12. e3 f6 13. Bd3 b4 14. Qd4 c5 15. Bg6+
Kd8 16. Qe4 Bb7 17. Qf5 Ra6 18. O-O fxe5 19. Bxe5 Nf6 20. Rfd1 d6 21. Nf1 Kc7
22. Bf4 Be4 23. Qxc5+ Kd8 24. Bxe4 Nxe4 25. Qxb4 Nc6 26. Qb5 Qa7 27. Ng3 Kc7
28. Nxe4 Rb6 29. Qc4 g5 30. Bxd6+ Bxd6 31. Rxd6 1-0

[Event "132nd YMCA Autumn D-bis"]
[Site "Warszawa"]
[Date "2013.12.10"]
[Round "14"]
[White "Gajewski, Wojciech"]
[Black "Czorniej, Antonina"]
[Result "1-0"]
[WhiteElo "1482"]
[BlackElo "1489"]
[PlyCount "79"]
[EventDate "2013.09.16"]
[EventType "tourn"]
[EventRounds "2"]
[EventCountry "POL"]
[SourceDate "2013.09.16"]

1. g3 Nf6 2. Bg2 g6 3. f4 d5 4. d3 Bg7 5. Nf3 O-O 6. O-O c5 7. c3 Nc6 8. Na3
Re8 9. Ne5 Nxe5 10. fxe5 Ng4 11. d4 cxd4 12. cxd4 a6 13. Qb3 e6 14. Qf3 f5 15.
h3 Nh6 16. Bd2 Qb6 17. Qd3 Nf7 18. Rfc1 Bxe5 19. e3 Bxg3 20. e4 f4 21. exd5 e5
22. Nc4 Qxd4+ 23. Qxd4 exd4 24. Nb6 Rb8 25. Bb4 Bf5 26. d6 Red8 27. Bd5 Bxh3
28. Rc7 f3 29. Rxf7 Rf8 30. Rxf3+ Kh8 31. Rxg3 Bf5 32. Bc5 h6 33. Bxd4+ Kh7 34.
Rc1 h5 35. Rc7+ Kh6 36. Bg7+ Kh7 37. Bxf8+ Kh8 38. Bg7+ Kh7 39. Bf6+ Kh6 40.
Bg5# 1-0